| 000 | 01283cam a22003134a 4500 | ||
|---|---|---|---|
| 001 | 13005899 | ||
| 005 | 20051017111712.0 | ||
| 008 | 021119s2004 maua b 001 0 eng | ||
| 010 | _a 2002043208 | ||
| 020 | _a0072554096 (pbk. : alk. paper) | ||
| 040 |
_aDLC _cDLC _dDLC |
||
| 042 | _apcc | ||
| 050 | 0 | 0 |
_aHB172 _b.F72 2004 |
| 082 | 0 | 0 |
_a338.5 _221 _bFRA |
| 100 | 1 |
_aFrank, Robert H. _95961 |
|
| 245 | 1 | 0 |
_aPrinciples of micro-economics / _cRobert H. Frank, Ben S. Bernanke. |
| 246 | 1 | 8 | _aPrinciples of microeconomics |
| 250 | _aBrief ed. | ||
| 260 |
_aBoston, Mass. : _bMcGraw-Hill/Irwin, _cc2009. |
||
| 300 |
_axxx, 424, [16] p. : _bill. (some col.) ; _c28 cm. |
||
| 504 | _aIncludes bibliographical references and index. | ||
| 650 | 0 |
_aMicroeconomics. _95962 |
|
| 700 | 1 |
_aBernanke, Ben. _95963 |
|
| 856 | 4 | 2 |
_3Publisher description _uhttp://www.loc.gov/catdir/description/mh031/2002043208.html |
| 856 | 4 | 1 |
_3Table of contents _uhttp://www.loc.gov/catdir/toc/mh031/2002043208.html |
| 942 |
_2ddc _cBB |
||
| 999 |
_c11780 _d11780 |
||